Менделеев для этнологов; Химия и жизнь - XXI век; № 6

Bibliographische Detailangaben
Parent link:Химия и жизнь - XXI век: научно-популярный журнал/ ИнформНаука.— , 1996-
№ 6.— 2003.— С. 26-30
1. Verfasser: Латова Н. В.
Weitere Verfasser: Латов Ю. В.
Sprache:Russisch
Veröffentlicht: 2003
Schriftenreihe:Проблемы и методы науки
Schlagworte:
Format: MixedMaterials Buchkapitel
KOHA link:https://koha.lib.tpu.ru/cgi-bin/koha/opac-detail.pl?biblionumber=387544

MARC

LEADER 00000naa2a2200000 4500
001 387544
005 20231101063622.0
035 |a (RuTPU)RU\TPU\prd\17297 
090 |a 387544 
100 |a 20030912a2003 k y0rusy50 ca 
101 0 |a rus 
102 |a RU 
200 1 |a Менделеев для этнологов  |f Н. В. Латова, Ю. В. Латов 
225 1 |a Проблемы и методы науки 
461 1 |0 (RuTPU)RU\TPU\prd\1643  |t Химия и жизнь - XXI век  |o научно-популярный журнал  |f ИнформНаука  |d 1996- 
463 1 |0 (RuTPU)RU\TPU\prd\16355  |t № 6  |v С. 26-30  |d 2003 
600 1 |a Менделеев  |g Дмитрий Иванович  |b Д. И.  |c ученый-химик, педагог, прогрессивный общественный деятель  |f 1834-1907  |2 stltpui  |3 (RuTPU)RU\TPU\pers\1367 
610 1 |a этнология 
610 1 |a химия 
610 1 |a закономерности 
610 1 |a этнометрия 
610 1 |a математическая этнология 
610 1 |a история 
700 1 |a Латова  |b Н. В. 
701 1 |a Латов  |b Ю. В. 
801 1 |a RU  |b 63413507  |c 20030912  |g PSBO 
801 2 |a RU  |b 63413507  |c 20160202  |g RCR 
942 |c BK